000
00234nam a22001097a 4500
041
_a
ENG
245
_a
Land Resources Information Systems In Asia
260
_a
Rome
_b
FAO
_c
2000
300
_a
92
650
_a
FAO
856
_u
FAO ( 01 )
999
_c
2361
_d
2361